000 00859npc a2200217Ia 4500
001 dg83-37769
003 IT-MiCISF
008 161014s9999||||xx | und||
040 _aIT-MiCISF
_cIT-MiCISF
041 _ait
100 _aColetti Maurizio (a cura di)
245 0 _aComorbilitĂ  psichiatrica e sistema dei servizi nella tossicodipendenza
_bEsperienze, riflessioni, proposte
250 _a1a ed.
260 _a Roma
_bCedis
_c2003
300 _app. 119
500 _aVergara S., Princi G., Caforio R., Gori E., Giannotti F.C., BonfĂ  F., Consoli A., De Rose F., Saletti A., Iraci Sareri G., Napoli L., Bignamini E., Amendola M., Peroni D., De Gaetano C., Coletti M. / tossicodipendenza, comunitĂ -terapeutica, servizi-sanita
650 _asalute-cura
700 _aCaforio Renato (a cura di)
942 _cDD
957 _71
999 _a37769
_bsi
_g1
_c207130
_d207130